Greek Alphabet - Matching Name to Symbol - Statistics

General Stats
  • This quiz has been taken 1,253 times
  • The average score is 18 of 24
Answer Stats
Hint Answer % Correct
alpha Α / α
93%
beta Β / β
93%
delta Δ / δ
91%
mu Μ / μ
88%
kappa Κ / κ
87%
tau Τ / τ
87%
epsilon Ε / ε
84%
iota Ι / ι
84%
omega Ω / ω
83%
omicron Ο / ο
81%
pi Π / π
81%
sigma Σ / σ
81%
gamma Γ / γ
79%
nu Ν / ν
78%
lambda Λ / λ
77%
zeta Ζ / ζ
76%
theta Θ / θ
73%
rho Ρ / ρ
70%
upsilon Υ / υ
70%
phi Φ / φ
63%
psi Ψ / ψ
61%
khi Χ / χ
49%
eta Η / η
48%
xi Ξ / ξ
44%
No matching quizzes found
Score Distribution
Percent of People with Each Score
Percentile by Number Answered
Your Score History
You have not taken this quiz